nick jr and playhouse disney shows - Statistics

General Stats
  • This quiz has been taken 626 times
  • The average score is 7 of 15
Answer Stats
Hint Answer % Correct
a spanish girl who explores with her best friend Boots dora the explorer
79%
a blue dog who investigates blue's clues
74%
a pig that has a little brother callled George peppa pig
69%
a little african american boy created by Bill Cosby little bill
65%
two rabbits that a siblings max and ruby
65%
a duck, a hamster and a tortoise wonder pets
60%
a girl, a hox and a ferocious beast maggie and the ferocious beast
47%
a little clown girl that has a pet lion jojo's circus
43%
three siblings, that are otters, who are named after a sandwhich PB&J otter
28%
twin banana brothers bananas in pajamas
26%
five russian nesting dolls that learn about jobs higglytown heroes
26%
a little boy who has a pet goldfish stanley
26%
a boy with a bucket full of dinosaurs harry and his bucket full of dinosaurs
19%
a boy that lives in a geometric world rolie polie olie
16%
three singing and dancing siblings the doodlebops
9%
No matching quizzes found
Score Distribution
Percent of People with Each Score
Percentile by Number Answered
Your Score History
You have not taken this quiz